00668nam a2200193Ia 4500008004100000020001800041041000800059082001500067100001600082245004000098250001200138260002100150300000800171365001600179700003000195906005600225999001900281952017400300230718s9999 xx 000 0 und d a9788126508327 aeng a620.1bMER aMeriam J.L. aEngineering Mechanics Vol.I Statics a5th ed. c2007bJohn Wiley a494 cRs.b399.00 aMeriam J.L. & Kraige L.G. dO:0052809-Feb-2010B:100307-Jan-2010cALLEDSb498.75 c324032d324032 00104070aCCEPbCCEPd2010-02-09ePradeep Book DistributorsfALLEDSg299.25i1003l0o620.1pCCEP-BK-35239r2023-07-18 00:00:00t498.75v399.00w2010-01-07yBKz035239